000 00892cam a22002653a 4500
001 20115
003 PGUSA
005 20140828083427.0
008 061215s2006||||xxu|||||s|||||000 | eng d
040 _aPGUSA
_beng
042 _adc
050 4 _aD501
245 1 2 _aA Short History of the 6th Division :
_bAug. 1914-March 1919
_h[electronic resource]
260 _bProject Gutenberg,
_c2006
506 _aPublic domain in the USA.
516 _aElectronic text
653 _aWorld War, 1914-1918 -- Regimental histories -- Great Britain
653 _aWorld War, 1914-1918 -- Campaigns -- Western Front
653 _aGreat Britain. Army. Division, 6th
700 1 _aMarden, Thomas Owen,
_cSir,
_d1866-
740 0 _aA Short History of the Sixth Division: Aug. 1914-March 1919
830 0 _aProject Gutenberg
_v20115
856 4 0 _uhttp://www.gutenberg.org/ebooks/20115
942 _cEB
999 _c249370
_d249370